000 00633nam a2200169Ia 4500
008 090201s9999 xx 000 0 und d
010 _aKPL-61291
040 _bमराठी
041 _aमराठी
082 _a674
_b61291
100 _aमधुसुदन घाणेकर
245 _aतुमचा हात तुम्हीच पाहा
_cमधुसुदन घाणेकर
260 _c2004
_bइंद्रायणी साहित्य प्रकाशन
300 _a63
_bमध्यम
600 _aतुमचा हात तुम्हीच पाहा
942 _cBOOK
999 _c201814
_d201814